000 00472nam a2200169Ia 4500
005 20250326130650.0
008 250326s9999 xx 000 0 und d
037 _aTextbook
040 _aFMSL
_beng
_cFMSL
041 _aeng
_2eng
084 _aX:9 P6
_qFMSL
100 _aHunter I
_9741091
245 0 _aHR Business partners
_cHunter I And Others
260 _aUnited Kingdom
_bUnited Kingdom, Gowe
_c2006
942 _cTB
_hX:9 P6
999 _c1283551
_d1283551